[Event "2nd She Plays to Win"]
[Site "Edinburgh"]
[Date "2023.02.19"]
[Round "9.2"]
[White "Keetman, Maaike"]
[Black "Hryshchenko, Kamila"]
[Result "0-1"]
[WhiteElo "2164"]
[BlackElo "2147"]
[PlyCount "138"]
[EventDate "2023.02.15"]
[EventType "tourn"]
[EventRounds "9"]
[EventCountry "SCO"]
[SourceTitle "BritBase"]
[Source "John Saunders"]
[SourceDate "2023.02.21"]
[SourceVersion "1"]
[SourceVersionDate "2023.02.21"]
[SourceQuality "1"]

1. e4 d6 2. d4 g6 3. Nf3 Bg7 4. Bd3 a6 5. a4 b6 6. O-O Nd7 7. Re1 Bb7 8. c3 e5
9. Qb3 Ngf6 10. Ng5 O-O 11. f4 h6 12. Nf3 Qe7 13. Qc2 Rfe8 14. fxe5 dxe5 15.
Nbd2 Rad8 16. b3 Nh5 17. Nc4 Nf4 18. Bf1 Nh5 19. Bd3 exd4 20. cxd4 c5 21. Ba3
Nf4 22. Ncd2 Ne5 23. Bc4 Nxf3+ 24. Nxf3 Rxd4 25. Bb2 Rxe4 26. Bxg7 Kxg7 27.
Qc3+ Qf6 28. Qxf6+ Kxf6 29. Rf1 Kg7 30. Rad1 R4e7 31. Rd6 Ne2+ 32. Bxe2 Rxe2
33. Rxb6 Bd5 34. Rxa6 Rb2 35. Re1 Rxe1+ 36. Nxe1 Bxb3 37. Rc6 c4 38. a5 Ra2 39.
a6 Ra3 40. Kf2 Kf8 41. Nf3 Ba2 42. Ke2 c3 43. Nd4 Bd5 44. Rc8+ Kg7 45. g3 Be4
46. Ke3 f5 47. Nb5 Rxa6 48. Nxc3 Ba8 49. Kf4 Kf6 50. Rf8+ Ke7 51. Rh8 Kf7 52.
g4 g5+ 53. Kg3 f4+ 54. Kf2 Bh1 55. Rh7+ Kg6 56. Rd7 Re6 57. Rd1 Bc6 58. Ne2 Kf6
59. Rc1 Ke5 60. Rc5+ Kd6 61. Nd4 Kxc5 62. Nxe6+ Kd5 63. Ng7 Bd7 64. Kf3 Ke5 65.
Nh5 Bc6+ 66. Kf2 Be4 67. h3 Bg6 68. Kf3 Bxh5 69. gxh5 Kf5 0-1

[Event "2nd She Plays to Win"]
[Site "Edinburgh"]
[Date "2023.02.19"]
[Round "9.3"]
[White "Rojickova, Monika"]
[Black "Head, Louise"]
[Result "0-1"]
[WhiteElo "2101"]
[BlackElo "2020"]
[PlyCount "68"]
[EventDate "2023.02.15"]
[EventType "tourn"]
[EventRounds "9"]
[EventCountry "SCO"]
[SourceTitle "BritBase"]
[Source "John Saunders"]
[SourceDate "2023.02.21"]
[SourceVersion "1"]
[SourceVersionDate "2023.02.21"]
[SourceQuality "1"]

1. e4 c6 2. d4 d5 3. e5 c5 4. c3 Nc6 5. Be2 Bd7 6. Nf3 Rc8 7. dxc5 e6 8. Be3
Nge7 9. Bd4 Ng6 10. Qd2 f6 11. exf6 gxf6 12. O-O Bg7 13. Na3 a6 14. Be3 Nce7
15. c4 O-O 16. Rfd1 Qc7 17. Rac1 Rcd8 18. Qc2 Kh8 19. b4 f5 20. cxd5 Nxd5 21.
Bd4 Bc6 22. Qb2 e5 23. Be3 f4 24. Bd2 e4 25. Nd4 Qe5 26. Be1 f3 27. Bc4 Ndf4
28. Bc3 Nh3+ 29. gxh3 Qg5+ 30. Kf1 Nf4 31. Nxf3 Qg2+ 32. Ke1 Qh1+ 33. Bf1 Ng2+
34. Ke2 exf3# 0-1

[Event "2nd She Plays to Win"]
[Site "Edinburgh"]
[Date "2023.02.19"]
[Round "9.5"]
[White "Henderson De La Fuente, Andrea"]
[Black "Arakhamia-Grant, Ketevan"]
[Result "0-1"]
[WhiteElo "1989"]
[BlackElo "2320"]
[PlyCount "52"]
[EventDate "2023.02.15"]
[EventType "tourn"]
[EventRounds "9"]
[EventCountry "SCO"]
[SourceTitle "BritBase"]
[Source "John Saunders"]
[SourceDate "2023.02.21"]
[SourceVersion "1"]
[SourceVersionDate "2023.02.21"]
[SourceQuality "1"]

1. e4 c5 2. Nc3 Nc6 3. Bb5 g6 4. f4 Bg7 5. Nf3 d6 6. Bxc6+ bxc6 7. O-O Nf6 8.
d3 Bg4 9. Qe1 Bxf3 10. Rxf3 Nd7 11. f5 Rb8 12. Ne2 Ne5 13. Rh3 Qd7 14. Qg3 Kd8
15. c3 h5 16. fxg6 fxg6 17. Nf4 Kc7 18. d4 cxd4 19. cxd4 Ng4 20. Qc3 Rb5 21.
Qc4 Kb8 22. a4 Rb7 23. Nxg6 Rc8 24. Rxh5 Nf6 25. Rh4 Nxe4 26. Rh7 Qf5 0-1